[Event "LSS ZN-2023-0-04484"]
[Site "LSS email"]
[Date "2023.05.03"]
[Round "?"]
[White "Pocol, Horacio"]
[Black "Hughes, Peter J"]
[Result "1-0"]
[WhiteElo "783"]
[BlackElo "554"]
[PlyCount "55"]
[EventDate "2023.04.25"]
[EventType "match (corr)"]
[EventRounds "2"]
[EventCountry "GER"]
[SourceTitle "Corr 2024"]
[Source "ChessBase"]
[SourceDate "2023.10.19"]
[SourceVersion "1"]
[SourceVersionDate "2023.10.19"]
[SourceQuality "1"]

1. Nc3 d5 2. d4 Nc6 3. h3 Nf6 4. Bg5 h6 5. Bxf6 exf6 6. a3 Be7 7. e3 0-0 8. Qh5 Be6 9. 0-0-0 f5 10. Be2 Bg5 11. Bb5 a6 12. Bxc6 bxc6 13. Qe2 Rb8 14. Qxa6 Qd6 15. Nf3 Be7 16. Ne5 Bd7 17. Qa4 c5 18. Nxd7 Ra8 19. Qb5 c4 20. Nxf8 Kxf8 21. Nxd5 c6 22. Qb7 Rd8 23. Nxe7 Qd7 24. Qxd7 Rxd7 25. Nxc6 Rc7 26. d5 Rd7 27. Ne5 Re7 28. Nxc4 1-0

[Event "RN-2020-0-01596"]
[Site "LSS email"]
[Date "2020.07.20"]
[Round "?"]
[White "Pocol, Horacio"]
[Black "Farr, Dorota"]
[Result "0-1"]
[WhiteElo "843"]
[BlackElo "800"]
[PlyCount "48"]
[EventDate "2020.01.31"]
[EventType "tourn (corr)"]
[EventRounds "6"]
[EventCountry "GER"]
[SourceTitle "Corr 2022"]
[Source "ChessBase"]
[SourceDate "2021.10.24"]
[SourceVersion "1"]
[SourceVersionDate "2021.10.24"]
[SourceQuality "1"]

1. Nc3 d5 2. d4 Bf5 3. h3 c5 4. Be3 e5 5. Nf3 cxd4 6. Bxd4 exd4 7. Nxd4 Bg6 8. a3 Nf6 9. e3 a6 10. f3 Bd6 11. f4 Nc6 12. Nxc6 bxc6 13. Bd3 0-0 14. 0-0 Re8 15. Re1 Qb6 16. Na4 Qa7 17. Bxg6 Rxe3 18. Bxh7+ Kxh7 19. Kh1 Rae8 20. Rxe3 Rxe3 21. c4 Ne4 22. Qh5+ Kg8 23. Qh4 Be7 24. Qh5 Ng3+ 0-1

[Event "RN-2020-0-01595"]
[Site "LSS email"]
[Date "2020.06.24"]
[Round "?"]
[White "Pocol, Horacio"]
[Black "Caudill, Tom"]
[Result "0-1"]
[WhiteElo "947"]
[BlackElo "735"]
[PlyCount "40"]
[EventDate "2020.01.04"]
[EventType "tourn (corr)"]
[EventRounds "6"]
[EventCountry "GER"]
[SourceTitle "Corr 2022"]
[Source "ChessBase"]
[SourceDate "2021.10.24"]
[SourceVersion "1"]
[SourceVersionDate "2021.10.24"]
[SourceQuality "1"]

1. Nc3 g6 2. d4 Bg7 3. Bf4 Nf6 4. e3 a6 5. Bd3 Nc6 6. Nf3 0-0 7. 0-0 d6 8. a3 h6 9. d5 e5 10. dxc6 exf4 11. cxb7 Bxb7 12. exf4 Nh5 13. Qd2 Bxf3 14. gxf3 Qh4 15. Rae1 Nxf4 16. Kh1 Rfe8 17. Be4 Re5 18. Bxa8 Rh5 19. Qxf4 Qxf4 20. Re8+ Kh7 0-1

[Event "SN-2020-0-01014"]
[Site "LSS email"]
[Date "2020.03.27"]
[Round "?"]
[White "Caudill, Tom"]
[Black "Pocol, Horacio"]
[Result "1-0"]
[WhiteElo "734"]
[BlackElo "939"]
[PlyCount "29"]
[EventDate "2019.12.29"]
[EventType "tourn (corr)"]
[EventRounds "6"]
[EventCountry "GER"]
[SourceTitle "Corr 2022"]
[Source "ChessBase"]
[SourceDate "2021.10.24"]
[SourceVersion "1"]
[SourceVersionDate "2021.10.24"]
[SourceQuality "1"]

1. c4 Nc6 2. e4 Ne5 3. d4 Nc6 4. d5 Ne5 5. Nc3 d6 6. f4 Ng4 7. Be2 N4f6 8. e5 dxe5 9. fxe5 Nd7 10. Nf3 h6 11. e6 Ndf6 12. exf7+ Kxf7 13. Ne5+ Ke8 14. Bh5+ Nxh5 15. Qxh5+ 1-0

[Event "SN-2020-0-01014"]
[Site "LSS email"]
[Date "2020.03.27"]
[Round "?"]
[White "Jurik, Jimmy"]
[Black "Pocol, Horacio"]
[Result "1-0"]
[WhiteElo "800"]
[BlackElo "939"]
[PlyCount "65"]
[EventDate "2019.12.29"]
[EventType "tourn (corr)"]
[EventRounds "6"]
[EventCountry "GER"]
[SourceTitle "Corr 2022"]
[Source "ChessBase"]
[SourceDate "2021.10.24"]
[SourceVersion "1"]
[SourceVersionDate "2021.10.24"]
[SourceQuality "1"]

1. c4 Nc6 2. Nc3 Nf6 3. g3 d5 4. cxd5 Nxd5 5. Bg2 Nxc3 6. bxc3 Bf5 7. e4 Bg6 8. Ne2 e5 9. d4 Qd6 10. 0-0 Be7 11. f4 Bf6 12. fxe5 Bxe5 13. dxe5 Qxe5 14. Ba3 Bxe4 15. Bh3 Rd8 16. Qb3 Bg6 17. Rae1 Qe3+ 18. Rf2 Ne5 19. Qb5+ c6 20. Qxb7 Nf3+ 21. Kh1 Qe4 22. Rxf3 Qxf3+ 23. Bg2 Qxg2+ 24. Kxg2 Be4+ 25. Kf2 Rd7 26. Qb8+ Rd8 27. Qb4 Rd7 28. Qxe4+ Kd8 29. Qxc6 Re8 30. Rb1 Rxe2+ 31. Kxe2 Re7+ 32. Bxe7+ Kxe7 33. Rb7+ 1-0

[Event "SN-2020-0-01014"]
[Site "LSS email"]
[Date "2020.03.27"]
[Round "?"]
[White "Pehl, Ferenc"]
[Black "Pocol, Horacio"]
[Result "1-0"]
[WhiteElo "970"]
[BlackElo "939"]
[PlyCount "67"]
[EventDate "2019.12.29"]
[EventType "tourn (corr)"]
[EventRounds "6"]
[EventCountry "GER"]
[SourceTitle "Corr 2022"]
[Source "ChessBase"]
[SourceDate "2021.10.24"]
[SourceVersion "1"]
[SourceVersionDate "2021.10.24"]
[SourceQuality "1"]

1. e4 e5 2. Nf3 Bd6 3. d3 h6 4. Nc3 c6 5. h3 Nf6 6. a3 0-0 7. Be2 Re8 8. 0-0 a6 9. Be3 b5 10. Qc1 Bf8 11. Nh2 Nh7 12. Bg4 d6 13. Bxc8 Qxc8 14. Nf3 Qe6 15. Re1 Nd7 16. Kf1 Reb8 17. Ne2 a5 18. b3 a4 19. b4 Kh8 20. Qb2 Ndf6 21. Rac1 Ng8 22. Ng3 f6 23. Kg1 Qf7 24. Red1 Be7 25. Nf5 Rb7 26. Nxe7 Qxe7 27. Qa2 Re8 28. Nh4 Qf7 29. Qxf7 Ng5 30. Qxb7 Kh7 31. Nf5 Ne6 32. Qf7 Ra8 33. Qxe6 Ra7 34. Bxa7 1-0

[Event "OP-2020-0-04927"]
[Site "LSS email"]
[Date "2020.02.16"]
[Round "?"]
[White "Kuttner, Jaromir"]
[Black "Pocol, Horacio"]
[Result "1-0"]
[WhiteElo "709"]
[BlackElo "888"]
[PlyCount "86"]
[EventDate "2020.02.16"]
[EventType "tourn (corr)"]
[EventRounds "4"]
[EventCountry "GER"]
[SourceTitle "Corr 2022"]
[Source "ChessBase"]
[SourceDate "2021.10.24"]
[SourceVersion "1"]
[SourceVersionDate "2021.10.24"]
[SourceQuality "1"]

1. e4 e5 2. Nf3 Bd6 3. c3 a6 4. d4 Qe7 5. dxe5 Bxe5 6. Be2 d6 7. 0-0 h6 8. Nbd2 Nc6 9. Nc4 Nf6 10. Nfxe5 Nxe5 11. Nxe5 Qxe5 12. Re1 0-0 13. Bd3 Bg4 14. f3 Bh5 15. Qc2 b5 16. Be3 c5 17. f4 Qe7 18. e5 dxe5 19. fxe5 Bg6 20. Bxg6 Qxe5 21. Bxh6 Qc7 22. Bxg7 fxg6 23. Bxf8 Rxf8 24. Qxg6+ Kh8 25. Rf1 Qg7 26. Qxg7+ Kxg7 27. Rae1 Nd5 28. Rxf8 Kxf8 29. Re5 Nb6 30. Rxc5 Na4 31. Rc8+ Ke7 32. b3 Kd7 33. Ra8 Nxc3 34. a3 Ne2+ 35. Kf2 Nd4 36. b4 Nc2 37. Rxa6 Kc7 38. h4 Nd4 39. h5 Kb7 40. Rf6 Kc7 41. h6 Kd7 42. h7 Ne6 43. Rxe6 Kxe6 1-0

[Event "OP-2020-0-04927"]
[Site "LSS email"]
[Date "2020.02.16"]
[Round "?"]
[White "Puertas, Francisco Javier"]
[Black "Pocol, Horacio"]
[Result "1-0"]
[WhiteElo "800"]
[BlackElo "888"]
[PlyCount "39"]
[EventDate "2020.02.16"]
[EventType "tourn (corr)"]
[EventRounds "4"]
[EventCountry "GER"]
[SourceTitle "Corr 2022"]
[Source "ChessBase"]
[SourceDate "2021.10.24"]
[SourceVersion "1"]
[SourceVersionDate "2021.10.24"]
[SourceQuality "1"]

1. e4 e5 2. Nf3 Bd6 3. d4 Qe7 4. Nc3 c6 5. dxe5 Bxe5 6. Nxe5 Qxe5 7. g3 Ne7 8. Bf4 Qa5 9. Bd6 Ng6 10. f4 b5 11. f5 b4 12. fxg6 hxg6 13. Ne2 b3+ 14. c3 bxa2 15. Qd4 f6 16. Nf4 Rh6 17. Bc4 Qb6 18. Bf7+ Kd8 19. Bc5 Qxb2 20. Ne6# 1-0

[Event "SN-2019-0-01004"]
[Site "LSS email"]
[Date "2019.12.05"]
[Round "?"]
[White "Molina, Vicente Andres"]
[Black "Pocol, Horacio"]
[Result "1-0"]
[WhiteElo "467"]
[BlackElo "940"]
[PlyCount "75"]
[EventDate "2019.11.15"]
[EventType "tourn (corr)"]
[EventRounds "6"]
[EventCountry "GER"]
[SourceTitle "Corr 2022"]
[Source "ChessBase"]
[SourceDate "2021.10.24"]
[SourceVersion "1"]
[SourceVersionDate "2021.10.24"]
[SourceQuality "1"]

1. d4 d5 2. c4 Nc6 3. Nf3 h6 4. Nc3 dxc4 5. e4 a6 6. Bxc4 Bg4 7. Be3 e6 8. 0-0 Nf6 9. h3 Bh5 10. g4 Bg6 11. d5 exd5 12. exd5 Qd7 13. dxc6 Qxc6 14. Ne5 Qd6 15. Qxd6 Bxd6 16. Nxg6 fxg6 17. Rfe1 0-0-0 18. Be6+ Kb8 19. Bf7 g5 20. Rad1 Rdf8 21. Bg6 Bb4 22. Rd4 Bc5 23. Rd3 Bb4 24. Red1 b5 25. Nd5 Nxd5 26. Rxd5 c6 27. Rd7 Ba5 28. Be4 Rd8 29. Bxc6 Bc7 30. Rxd8+ Bxd8 31. Rd7 Bf6 32. b3 h5 33. gxh5 Rxh5 34. Kg2 Rh4 35. Bb6 g4 36. Rf7 gxh3+ 37. Kf1 Rh8 38. Ra7 1-0

[Event "RN-2019-0-01574"]
[Site "LSS email"]
[Date "2019.11.04"]
[Round "?"]
[White "Pocol, Horacio"]
[Black "Plastinin, Alexandr"]
[Result "0-1"]
[WhiteElo "949"]
[BlackElo "1026"]
[PlyCount "118"]
[EventDate "2019.10.13"]
[EventType "tourn (corr)"]
[EventRounds "6"]
[EventCountry "GER"]
[SourceTitle "Corr 2022"]
[Source "ChessBase"]
[SourceDate "2021.10.24"]
[SourceVersion "1"]
[SourceVersionDate "2021.10.24"]
[SourceQuality "1"]

1. Nc3 e5 2. a3 Nc6 3. h3 Nf6 4. e4 d6 5. Bb5 Be7 6. Qe2 0-0 7. Bxc6 bxc6 8. d3 h6 9. Bd2 d5 10. 0-0-0 d4 11. Na2 c5 12. Kb1 c6 13. Nf3 Qd6 14. Ka1 Ba6 15. Nc1 Rab8 16. Nb3 Nxe4 17. Qxe4 c4 18. dxc4 Bf6 19. c5 Qd5 20. Qxd5 cxd5 21. Na5 e4 22. Ne1 Be2 23. Rb1 Rfc8 24. Nb3 d3 25. Ka2 dxc2 26. Nxc2 Bc4 27. Nb4 Bxb3+ 28. Kxb3 a5 29. Rhc1 axb4 30. Bxb4 Bd4 31. Ka2 Bxf2 32. g4 e3 33. Rf1 d4 34. Rbc1 Rc6 35. Kb1 d3 36. Ka2 d2 37. Bxd2 exd2 38. Rcd1 Be1 39. Rfxe1 dxe1Q 40. Rxe1 Rxc5 41. Re3 g5 42. Rf3 Rc2 43. Rb3 Ra8 44. Rb6 Kg7 45. Rb4 Kg6 46. Rb6+ f6 47. Rb5 Ra6 48. Rb8 Rh2 49. Rb3 h5 50. Rc3 h4 51. Rd3 Rg2 52. Rb3 Rg3 53. Rc3 Rxc3 54. bxc3 f5 55. gxf5+ Kxf5 56. Kb3 g4 57. hxg4+ Kxg4 58. a4 h3 59. c4 h2 0-1

[Event "RN-2019-0-01567"]
[Site "LSS email"]
[Date "2019.10.02"]
[Round "?"]
[White "Plastinin, Alexandr"]
[Black "Pocol, Horacio"]
[Result "1-0"]
[WhiteElo "1044"]
[BlackElo "891"]
[PlyCount "131"]
[EventDate "2019.09.18"]
[EventType "tourn (corr)"]
[EventRounds "6"]
[EventCountry "GER"]
[SourceTitle "Corr 2022"]
[Source "ChessBase"]
[SourceDate "2021.10.24"]
[SourceVersion "1"]
[SourceVersionDate "2021.10.24"]
[SourceQuality "1"]

1. e4 e5 2. Nf3 Nc6 3. Bc4 h6 4. d4 Bb4+ 5. Bd2 Bd6 6. d5 Nd4 7. 0-0 Nxf3+ 8. Qxf3 Nf6 9. Nc3 a6 10. a3 b5 11. Bd3 b4 12. Nd1 bxa3 13. bxa3 a5 14. c4 Ba6 15. Nc3 Bc5 16. Na4 Bd4 17. Rac1 c6 18. Be3 Bxe3 19. fxe3 Rb8 20. Nc5 Bc8 21. dxc6 dxc6 22. Rcd1 Bg4 23. Qg3 Bxd1 24. Qxe5+ Kf8 25. Rxd1 Kg8 26. Bc2 Qb6 27. h3 Re8 28. Qf5 Qb2 29. e5 Qxe5 30. Kf2 Qxe3+ 31. Kf1 Qe2+ 32. Kg1 Qxc4 33. Nd7 Nxd7 34. Rxd7 Re1+ 35. Kh2 g6 36. Qf6 Re8 37. Bxg6 Rf8 38. Bxf7+ Qxf7 39. Rxf7 Rxf7 40. Qxc6 h5 41. Qd5 a4 42. Qa8+ Kg7 43. Qxa4 Rh6 44. Qd4+ Rhf6 45. g4 hxg4 46. hxg4 Kh7 47. Qe4+ Kg8 48. Kg3 Kf8 49. a4 Re7 50. Qd4 Rfe6 51. a5 Re3+ 52. Kf4 Re1 53. a6 Rf1+ 54. Kg3 Rfe1 55. a7 R1e3+ 56. Kf4 Ra3 57. a8Q+ Rxa8 58. Qh8+ Kf7 59. Qxa8 Rd7 60. Kf5 Ke7 61. g5 Kd6 62. Qa3+ Kc7 63. Qc5+ Kd8 64. Kf6 Rc7 65. Qxc7+ Kxc7 66. g6 1-0

[Event "RN-2019-0-01567"]
[Site "LSS email"]
[Date "2019.10.02"]
[Round "?"]
[White "Pocol, Horacio"]
[Black "Kuttner, Jaromir"]
[Result "1-0"]
[WhiteElo "891"]
[BlackElo "937"]
[PlyCount "131"]
[EventDate "2019.09.18"]
[EventType "tourn (corr)"]
[EventRounds "6"]
[EventCountry "GER"]
[SourceTitle "Corr 2022"]
[Source "ChessBase"]
[SourceDate "2021.10.24"]
[SourceVersion "1"]
[SourceVersionDate "2021.10.24"]
[SourceQuality "1"]

1. Nc3 c5 2. d4 e6 3. d5 d6 4. e4 Nf6 5. Bb5+ Bd7 6. dxe6 fxe6 7. Bg5 h6 8. Bxf6 Qxf6 9. Bxd7+ Nxd7 10. f3 Nb6 11. Rb1 Nc4 12. Qd3 Qd4 13. Qxd4 cxd4 14. Nb5 e5 15. Nc7+ Kd7 16. Nxa8 Be7 17. b3 Ne3 18. Nb6+ axb6 19. Rc1 Nxg2+ 20. Kf2 Nf4 21. h4 d5 22. Ne2 dxe4 23. Nxf4 e3+ 24. Kg3 exf4+ 25. Kxf4 Bxh4 26. Kg4 g5 27. Rcd1 e2 28. Rxd4+ Kc6 29. Re4 e1Q 30. Rhxe1 Bxe1 31. Rxe1 Kd6 32. c4 Kd7 33. a3 Kd6 34. Rd1+ Ke6 35. Rd4 Rh7 36. Re4+ Kd6 37. b4 Rf7 38. Rd4+ Kc6 39. Re4 Kd6 40. Rd4+ Kc6 41. Rd5 Rf4+ 42. Kh5 Rf6 43. b5+ Kc7 44. Rd3 Kc8 45. Re3 Kd7 46. Rd3+ Kc7 47. a4 Kc8 48. Rc3 Kd7 49. Rd3+ Ke6 50. Re3+ Kf5 51. Re4 Rd6 52. Re3 Kf4 53. Rc3 Kf5 54. c5 bxc5 55. Rxc5+ Kf4 56. Rc3 Kg3 57. a5 Rf6 58. Re3 Rxf3 59. Re7 Rf5 60. Rxb7 g4+ 61. Kxh6 Kf2 62. a6 g3 63. a7 g2 64. a8Q g1Q 65. Qa7+ Ke2 66. Qxg1 1-0

[Event "RN-2019-0-01563"]
[Site "LSS email"]
[Date "2019.09.19"]
[Round "?"]
[White "Evtyugin, Yury Alekseevich"]
[Black "Pocol, Horacio"]
[Result "0-1"]
[WhiteElo "1023"]
[BlackElo "884"]
[PlyCount "69"]
[EventDate "2019.09.07"]
[EventType "tourn (corr)"]
[EventRounds "6"]
[EventCountry "GER"]
[SourceTitle "Corr 2022"]
[Source "ChessBase"]
[SourceDate "2021.10.24"]
[SourceVersion "1"]
[SourceVersionDate "2021.10.24"]
[SourceQuality "1"]

1. Nf3 Nf6 2. g3 d5 3. d4 h6 4. Bg2 Nc6 5. 0-0 Bf5 6. Bf4 e6 7. c3 Be7 8. Nbd2 a5 9. a3 0-0 10. Ne1 a4 11. Nef3 b5 12. Rc1 Na5 13. Ne5 Bd6 14. Re1 Qe8 15. e4 dxe4 16. Nxe4 Bxe4 17. Bxe4 Nxe4 18. Rxe4 Nc4 19. Nxc4 bxc4 20. Bxd6 cxd6 21. d5 Qb5 22. dxe6 Qxb2 23. exf7+ Rxf7 24. Rc2 Qxa3 25. Rxc4 Rd8 26. Rd2 Rfd7 27. Qxa4 Qc1+ 28. Rd1 Qg5 29. Rcd4 Qe7 30. c4 Ra7 31. Qc6 Rc7 32. Qd5+ Kh8 33. Re4 Qd7 34. Re6 Rc6 35. Qd4 0-1

[Event "RN-2019-0-01563"]
[Site "LSS email"]
[Date "2019.09.19"]
[Round "?"]
[White "Pocol, Horacio"]
[Black "Kuttner, Jaromir"]
[Result "1-0"]
[WhiteElo "884"]
[BlackElo "995"]
[PlyCount "21"]
[EventDate "2019.09.07"]
[EventType "tourn (corr)"]
[EventRounds "6"]
[EventCountry "GER"]
[SourceTitle "Corr 2022"]
[Source "ChessBase"]
[SourceDate "2021.10.24"]
[SourceVersion "1"]
[SourceVersionDate "2021.10.24"]
[SourceQuality "1"]

1. Nc3 d5 2. d4 Nf6 3. h3 e6 4. a3 c5 5. Bf4 Nc6 6. e3 Qb6 7. b3 cxd4 8. exd4 Qxd4 9. Bd2 Bc5 10. Qe2 0-0 11. Nf3 1-0

[Event "RN-2019-0-01563"]
[Site "LSS email"]
[Date "2019.09.19"]
[Round "?"]
[White "Venturas, Bob"]
[Black "Pocol, Horacio"]
[Result "0-1"]
[WhiteElo "519"]
[BlackElo "884"]
[PlyCount "162"]
[EventDate "2019.09.07"]
[EventType "tourn (corr)"]
[EventRounds "6"]
[EventCountry "GER"]
[SourceTitle "Corr 2022"]
[Source "ChessBase"]
[SourceDate "2021.10.24"]
[SourceVersion "1"]
[SourceVersionDate "2021.10.24"]
[SourceQuality "1"]

1. e4 e5 2. Nf3 Bd6 3. a3 a6 4. Nc3 c6 5. Bc4 b5 6. Ba2 h6 7. d4 Qe7 8. 0-0 Nf6 9. d5 c5 10. Ne2 0-0 11. Ng3 Qe8 12. Qd2 Nh7 13. Nf5 Bc7 14. d6 Bd8 15. Nxg7 Kxg7 16. Qd5 Nc6 17. Qxc5 Nf6 18. Re1 Rb8 19. Qe3 Ng4 20. Qe2 Nf6 21. Qe3 Rh8 22. Nh4 Nd4 23. Bb3 a5 24. Nf5+ Nxf5 25. exf5 e4 26. Qg3+ Kf8 27. Bf4 Nh5 28. Qe3 Nxf4 29. Qxf4 Bb7 30. f6 a4 31. Ba2 Ba5 32. c3 Bb6 33. Rad1 e3 34. Kf1 b4 35. cxb4 Ba6+ 36. Bc4 Bxc4+ 37. Qxc4 Qe5 38. Qh4 Qxb2 39. fxe3 Qxa3 40. Rd5 Bxe3 41. Qg3 Rg8 42. Qxe3 Qxe3 43. Rxe3 Rxb4 44. Rde5 Rb1+ 45. Kf2 Rb8 46. g3 Rg6 47. Rf5 Rb2+ 48. Kg1 Rb6 49. Rc3 Rb8 50. Rb5 Re8 51. Rf3 Kg8 52. Ra5 Rg4 53. Ra7 Rd8 54. h3 Rd4 55. Ra6 Rc8 56. Re3 Rd1+ 57. Kf2 Rc2+ 58. Re2 Rc4 59. Ra2 Rdd4 60. Ke3 Re4+ 61. Kf3 Re6 62. R2xa4 Rxf6+ 63. Ke3 Rc3+ 64. Ke4 Rxg3 65. Ke5 Re6+ 66. Kf5 Rg5+ 67. Kf4 Kg7 68. Rb4 Rf6+ 69. Ke4 Rff5 70. Rb7 Re5+ 71. Kf4 Rgf5+ 72. Kg4 h5+ 73. Kg3 Re3+ 74. Kg2 h4 75. Rxd7 Rg3+ 76. Kh2 Rf2+ 77. Kh1 Rxh3+ 78. Kg1 Rhf3 79. Re7 h3 80. d7 Rg2+ 81. Kh1 Rf1# 0-1

[Event "RN-2019-0-01556"]
[Site "LSS email"]
[Date "2019.08.29"]
[Round "?"]
[White "Hickl, Norbert"]
[Black "Pocol, Horacio"]
[Result "0-1"]
[WhiteElo "1014"]
[BlackElo "883"]
[PlyCount "58"]
[EventDate "2019.08.09"]
[EventType "tourn (corr)"]
[EventRounds "6"]
[EventCountry "GER"]
[SourceTitle "Corr 2022"]
[Source "ChessBase"]
[SourceDate "2021.10.24"]
[SourceVersion "1"]
[SourceVersionDate "2021.10.24"]
[SourceQuality "1"]

1. c4 Nc6 2. g3 d5 3. cxd5 Qxd5 4. Nf3 Bg4 5. Bg2 Qh5 6. Nc3 Nf6 7. Qb3 0-0-0 8. h3 Be6 9. g4 Bxb3 10. gxh5 Be6 11. Ng5 Nxh5 12. Nxe6 fxe6 13. Bxc6 bxc6 14. d3 Nf6 15. Be3 Kb7 16. Na4 Nd7 17. Rc1 h6 18. Bd4 e5 19. Nc5+ Nxc5 20. Bxc5 a6 21. Kd2 e4 22. d4 e5 23. e3 Bxc5 24. Rxc5 exd4 25. exd4 Rxd4+ 26. Ke3 Rhd8 27. Rhc1 R8d6 28. Re5 Kb6 29. Rc2 Rd3+ 0-1

[Event "RN-2019-0-01556"]
[Site "LSS email"]
[Date "2019.08.29"]
[Round "?"]
[White "Venturas, Bob"]
[Black "Pocol, Horacio"]
[Result "0-1"]
[WhiteElo "574"]
[BlackElo "883"]
[PlyCount "150"]
[EventDate "2019.08.09"]
[EventType "tourn (corr)"]
[EventRounds "6"]
[EventCountry "GER"]
[SourceTitle "Corr 2022"]
[Source "ChessBase"]
[SourceDate "2021.10.24"]
[SourceVersion "1"]
[SourceVersionDate "2021.10.24"]
[SourceQuality "1"]

1. e4 e5 2. Nf3 Bd6 3. d4 Nc6 4. d5 Nce7 5. a3 h6 6. Nc3 a6 7. Be3 b5 8. Bd3 Bb7 9. b4 Nf6 10. Ne2 0-0 11. Ng3 c6 12. Qd2 Ng6 13. 0-0 Ng4 14. Nf5 Qf6 15. Bb6 h5 16. h3 Nh6 17. Be3 Nxf5 18. exf5 Nf4 19. Be4 cxd5 20. Bxf4 dxe4 21. Bg5 Qxf5 22. Nh4 Qe6 23. Qe2 g6 24. Qe3 Be7 25. Rad1 Kh7 26. Kh1 Bxg5 27. Qxg5 d5 28. f3 exf3 29. Nxf3 f6 30. Qh4 e4 31. Nd4 Qf7 32. Qf4 Bc8 33. c3 g5 34. Qd6 Kg6 35. Nc6 Kg7 36. Qxd5 Qg6 37. Ne7 Qf7 38. Qxa8 Qxe7 39. Qd5 f5 40. Rd4 Be6 41. Qe5+ Qf6 42. Qc7+ Rf7 43. Qb6 e3 44. Rd6 Re7 45. Qxe3 f4 46. Qb6 Qe5 47. Rd4 Qe2 48. Rfd1 f3 49. gxf3 Qxf3+ 50. Kh2 Bxh3 51. R4d2 Bg4 52. Qd4+ Kg6 53. Qd6+ Re6 54. Qd3+ Qxd3 55. Rxd3 Bxd1 56. Rxd1 Re2+ 57. Kg1 Kf5 58. Rd6 Re1+ 59. Kf2 Re6 60. Rd5+ Kg6 61. Kg3 Kf6 62. Kf3 h4 63. Kg4 Re4+ 64. Kh3 Re3+ 65. Kg4 Rg3+ 66. Kh5 h3 67. Rd2 Ke5 68. Re2+ Kd5 69. Rd2+ Kc4 70. Rd6 Kxc3 71. Rxa6 h2 72. Rc6+ Kb2 73. Kg6 h1Q 74. Rc5 Qe4+ 75. Rf5 Kxa3 0-1

[Event "ZN-2019-0-04042"]
[Site "LSS email"]
[Date "2019.08.23"]
[Round "?"]
[White "Churyaev, Aleksej"]
[Black "Pocol, Horacio"]
[Result "0-1"]
[WhiteElo "911"]
[BlackElo "881"]
[PlyCount "58"]
[EventDate "2019.08.15"]
[EventType "match (corr)"]
[EventRounds "2"]
[EventCountry "GER"]
[SourceTitle "Corr 2022"]
[Source "ChessBase"]
[SourceDate "2021.10.24"]
[SourceVersion "1"]
[SourceVersionDate "2021.10.24"]
[SourceQuality "1"]

1. Nf3 d5 2. e3 a6 3. c4 c6 4. a4 Nf6 5. Nc3 Bg4 6. h3 Bh5 7. g4 Bg6 8. d4 e6 9. c5 h6 10. Bd3 Bxd3 11. Qxd3 Nbd7 12. b4 b6 13. Bb2 Be7 14. Rc1 b5 15. axb5 cxb5 16. e4 0-0 17. e5 Nh7 18. h4 f5 19. exf6 Ndxf6 20. g5 hxg5 21. hxg5 Ne4 22. Nxe4 dxe4 23. Qxe4 Nxg5 24. Nxg5 Bxg5 25. Rd1 Qf6 26. Qc2 Bh6 27. d5 Qf3 28. Rg1 exd5 29. Qd3 Qxf2# 0-1

[Event "ZN-2019-0-04042"]
[Site "LSS email"]
[Date "2019.08.23"]
[Round "?"]
[White "Pocol, Horacio"]
[Black "Churyaev, Aleksej"]
[Result "1-0"]
[WhiteElo "881"]
[BlackElo "911"]
[PlyCount "61"]
[EventDate "2019.08.15"]
[EventType "match (corr)"]
[EventRounds "2"]
[EventCountry "GER"]
[SourceTitle "Corr 2022"]
[Source "ChessBase"]
[SourceDate "2021.10.24"]
[SourceVersion "1"]
[SourceVersionDate "2021.10.24"]
[SourceQuality "1"]

1. Nc3 d5 2. d4 Nf6 3. h3 e6 4. a3 c5 5. Be3 cxd4 6. Bxd4 Nc6 7. Bxf6 Qxf6 8. Nf3 a6 9. e3 Bc5 10. Be2 0-0 11. g4 Rd8 12. Bd3 g6 13. g5 Qg7 14. Qe2 e5 15. e4 dxe4 16. Bxe4 Nd4 17. Nxd4 exd4 18. Nd5 Be6 19. Nc7 Ra7 20. 0-0-0 f5 21. Nxe6 Qe7 22. Nxd8 fxe4 23. Nxb7 Qxb7 24. Qc4+ Qf7 25. Qxc5 d3 26. c3 Rb7 27. Rd2 Qa2 28. Qc8+ Kg7 29. Qxb7+ Kg8 30. Rdd1 a5 31. Kd2 1-0

[Event "ZN-2019-0-04030"]
[Site "LSS email"]
[Date "2019.08.10"]
[Round "?"]
[White "Churyaev, Aleksej"]
[Black "Pocol, Horacio"]
[Result "1-0"]
[WhiteElo "910"]
[BlackElo "852"]
[PlyCount "95"]
[EventDate "2019.07.28"]
[EventType "match (corr)"]
[EventRounds "2"]
[EventCountry "GER"]
[SourceTitle "Corr 2022"]
[Source "ChessBase"]
[SourceDate "2021.10.24"]
[SourceVersion "1"]
[SourceVersionDate "2021.10.24"]
[SourceQuality "1"]

1. Nf3 Nf6 2. e3 e5 3. Nxe5 d6 4. Nf3 Bg4 5. Be2 Bxf3 6. Bxf3 d5 7. d4 c6 8. 0-0 Bd6 9. Nd2 h6 10. Re1 0-0 11. e4 dxe4 12. Nxe4 Nxe4 13. Rxe4 Qc7 14. h3 Nd7 15. Re2 Bh2+ 16. Kh1 Bd6 17. Be3 Nf6 18. Qd3 b5 19. c4 bxc4 20. Qxc4 Rac8 21. Rc1 Qb7 22. b3 a6 23. Bxc6 Rxc6 24. Qxc6 Qd7 25. Qxd7 Nxd7 26. Rc6 Bb4 27. Rxa6 Rc8 28. a3 Bf8 29. Rb2 Nf6 30. b4 Nd5 31. b5 Nxe3 32. fxe3 f6 33. b6 Bd6 34. g4 Rc1+ 35. Kg2 Kh7 36. b7 Bb8 37. Ra8 Bd6 38. b8Q Bxb8 39. Raxb8 Kg6 40. h4 Rc7 41. d5 Rd7 42. e4 h5 43. g5 fxg5 44. R2b6+ Kh7 45. hxg5 Ra7 46. Kg3 Rxa3+ 47. Kh4 Re3 48. g6+ 1-0

[Event "ZN-2019-0-04030"]
[Site "LSS email"]
[Date "2019.08.10"]
[Round "?"]
[White "Pocol, Horacio"]
[Black "Churyaev, Aleksej"]
[Result "0-1"]
[WhiteElo "852"]
[BlackElo "910"]
[PlyCount "142"]
[EventDate "2019.07.28"]
[EventType "match (corr)"]
[EventRounds "2"]
[EventCountry "GER"]
[SourceTitle "Corr 2022"]
[Source "ChessBase"]
[SourceDate "2021.10.24"]
[SourceVersion "1"]
[SourceVersionDate "2021.10.24"]
[SourceQuality "1"]

1. Nc3 c5 2. d4 cxd4 3. Qxd4 Nc6 4. Qc4 e6 5. a3 d5 6. Qd3 Nf6 7. Bg5 Be7 8. Bf4 e5 9. Bg3 a6 10. 0-0-0 Be6 11. e3 e4 12. Qd2 0-0 13. h3 Qa5 14. Nb1 Qxd2+ 15. Rxd2 Rfd8 16. Bc7 Rdc8 17. Bb6 Ne5 18. Bd4 Ned7 19. Ne2 Bc5 20. Bxf6 Nxf6 21. g4 Nd7 22. Nf4 Nb6 23. b3 Bd6 24. Ne2 Nd7 25. Nd4 Rc7 26. Be2 Rac8 27. a4 Bb4 28. Rdd1 Ba5 29. Rhf1 Bb6 30. Na3 Ne5 31. Kb1 Bc5 32. Kb2 Nc6 33. Nxe6 fxe6 34. g5 Ne5 35. h4 Bxa3+ 36. Kxa3 Rxc2 37. Rfe1 a5 38. Rb1 R2c3 39. h5 Nc4+ 40. Bxc4 R8xc4 41. h6 Kf7 42. Rh1 g6 43. Rhf1 Rb4 44. Rfd1 Rc2 45. Rf1 Ke7 46. Rbc1 Rxc1 47. Rxc1 Kd7 48. Rf1 d4 49. Rd1 d3 50. Kb2 Kd6 51. Ka3 b5 52. axb5 Rxb5 53. Ka4 Rxg5 54. f4 Rh5 55. Rd2 Kc6 56. Rd1 Kb6 57. b4 axb4 58. Kxb4 Rxh6 59. Kc4 g5 60. Kd4 gxf4 61. exf4 Rh2 62. Kxe4 d2 63. Ke3 Kc5 64. Rxd2 Rxd2 65. Kxd2 Kd4 66. Ke2 Ke4 67. f5 exf5 68. Kf2 Kf4 69. Kg2 Ke3 70. Kf1 f4 71. Ke1 f3 0-1